Física 1 : (Registro nro. 43954)
[ vista simple ]
| 000 -CABECERA | |
|---|---|
| campo de control de longitud fija | 00516nam a2200145 a 4500 |
| 001 - NÚMERO DE CONTROL | |
| campo de control | 000044465 |
| 005 - FECHA Y HORA DE LA ÚLTIMA TRANSACCIÓN | |
| campo de control | 20201002045408.0 |
| 008 - DATOS DE LONGITUD FIJA--INFORMACIÓN GENERAL | |
| campo de control de longitud fija | 140702s2004 dr ac 000 0 spa d |
| 020 ## - NÚMERO INTERNACIONAL ESTÁNDAR DEL LIBRO | |
| Número Internacional Estándar del Libro | 9945400231 |
| 040 ## - FUENTE DE LA CATALOGACIÓN | |
| Centro catalogador/agencia de origen | DO-SdBNP |
| Lengua de catalogación | spa |
| Centro/agencia transcriptor | BNPHU |
| 100 1# - ENTRADA PRINCIPAL--NOMBRE DE PERSONA | |
| Nombre de persona | Rincón, Andrea Griselda |
| 9 (RLIN) | 72483 |
| 245 10 - MENCIÓN DE TÍTULO | |
| Título | Física 1 : |
| Resto del título | teoría y práctica / |
| Mención de responsabilidad, etc. | Andrea Griselda Rincón, Julia Mery Vásquez Güichardo, Luis Antonio Angulo. |
| 260 ## - PUBLICACIÓN, DISTRIBUCIÓN, ETC. | |
| Lugar de publicación, distribución, etc. | Santo Domingo : |
| Nombre del editor, distribuidor, etc. | Actualidad Escolar 2000, |
| Fecha de publicación, distribución, etc. | [200?]. |
| 300 ## - DESCRIPCIÓN FÍSICA | |
| Extensión | 195 p. : |
| Otras características físicas | il., retrs. ; |
| Dimensiones | 28 cm. |
| Estado de retiro | Estado de pérdida | No para préstamo | Código de colección | Localización permanente | Ubicación/localización actual | Ubicación en estantería | Fecha de adquisición | Número de inventario | Total de préstamos | Signatura topográfica completa | Código de barras | Fecha visto por última vez | Precio válido a partir de | Tipo de ítem Koha |
|---|---|---|---|---|---|---|---|---|---|---|---|---|---|---|
| Excluido de préstamo | Patrimonio Dominicano | Patrimonio Dominicano | Patrimonio Dominicano | En catalogación | 02.07.2014 | LF1 | 44465-10 | 25.06.2020 | 25.06.2020 | Libro y Folleto Colección Patrimonio Dominicano |
